| 000 | 00592nam a22001577a 4500 | ||
|---|---|---|---|
| 008 | 161026b xxu||||| |||| 00| 0 eng d | ||
| 020 | _a0871202433 | ||
| 050 | _aQP 360.5 .S96 1995 | ||
| 100 | _aSylwester,Robert | ||
| 245 |
_aA Celebration of neurons : _ban educator's guide to the human brain/ _cRobert Sylwester |
||
| 260 |
_aAlexandria : _bAssociation for Supervision and Curriculum Development, _cc1995 |
||
| 300 |
_aviii, 167p. : _bill. ; |
||
| 500 | _aIncludes appendix and index. | ||
| 650 | _aCognitive neuroscience | ||
| 942 |
_2lcc _cBOOKS _hQP 360.5 .S96 1995 |
||
| 999 |
_c15144 _d15144 |
||